Portland ME City Trivia - Statistics

General Stats
  • This quiz has been taken 50 times
  • The average score is 8 of 15
Answer Stats
Clue Answer % Correct
Event in 1866 that destroyed much of the city—the above poetcompared it to Pompeii Great Fire
80%
Large shopping mall in South Portland {Maine} Mall
70%
Portland's airport is instead referred to as this {Jet}port
65%
Portland touches this bay Casco Bay
60%
County that Portland is part of Cumberland
60%
Poet who turned Paul Revere into a well-known national hero Henry Wadsworth Longfellow
60%
The Portland Head Lighthouse is located in this nearby town Cape {Elizabeth}
55%
What is the second largest city in Maine after Portland? Lewiston
55%
Minor league baseball team based at Hadlock Field Sea Dogs
55%
This park area with walking trails at the East End has the old Fort Allen Eastern {Promenade}
50%
Largest grocery chain in Maine, founded in Portland Hannaford
50%
Most visited island of Portland, accessible by ferry Peaks Island
45%
Historic mansion in the West End, also known as Morse-Libby {Victoria} Mansion
45%
Estuary that forms Portland Harbor Fore River
30%
Overgrown fort on Hog Island Ledge that was never used for battle Fort {Gorges}
30%
No matching quizzes found
Score Distribution
Percent of People with Each Score
Percentile by Number Answered
Your Score History
You have not taken this quiz